[Event "Brasilia Ascade op"]
[Site "Brasilia"]
[Date "2016.01.29"]
[Round "1"]
[White "Pompeo, Flavio Sposto"]
[Black "Felix, Luiza de Oliveira"]
[Result "1-0"]
[WhiteElo "2074"]
[BlackElo "1525"]
[PlyCount "53"]
[EventDate "2016.01.29"]
[EventType "swiss"]
[EventRounds "5"]
[EventCountry "BRA"]
[SourceTitle "CBM 170 Extra"]
[Source "ChessBase"]
[SourceDate "2016.02.25"]
[SourceVersion "1"]
[SourceVersionDate "2016.02.25"]
[SourceQuality "1"]

1. d4 Nf6 2. Bg5 e6 3. Nd2 h6 4. Bh4 b6 5. e4 Bb7 6. Bd3 Be7 7. c3 0-0 8. Ngf3 d5 9. Bxf6 Bxf6 10. Qe2 Nd7 11. e5 Be7 12. h4 Qc8 13. 0-0-0 c5 14. Kb1 a5 15. g4 Ba6 16. h5 Bxd3+ 17. Qxd3 Qa6 18. Qe3 cxd4 19. cxd4 Bg5 20. Nxg5 hxg5 21. Nf3 f6 22. h6 Qb5 23. hxg7 Kxg7 24. Nxg5 fxg5 25. Qxg5+ Kf7 26. Rh7+ Ke8 27. Qe7# 1-0

[Event "Sao Paulo op-A 3rd"]
[Site "Sao Paulo"]
[Date "2015.09.19"]
[Round "4"]
[White "Hoshino, Karen M"]
[Black "Pompeo, Flavio Sposto"]
[Result "1-0"]
[WhiteElo "1808"]
[BlackElo "2114"]
[PlyCount "87"]
[EventDate "2015.09.17"]
[EventType "swiss"]
[EventRounds "6"]
[EventCountry "BRA"]
[SourceTitle "EXT 2016"]
[Source "ChessBase"]
[SourceDate "2015.10.08"]
[SourceVersion "1"]
[SourceVersionDate "2015.10.08"]
[SourceQuality "1"]

1. d4 d5 2. e3 c5 3. c3 Nf6 4. Bd3 Nc6 5. Nf3 Bg4 6. Nbd2 e5 7. dxe5 Nxe5 8. Qa4+ Bd7 9. Bb5 Nc6 10. 0-0 a6 11. Bxc6 Bxc6 12. Qc2 Bd6 13. Re1 0-0 14. b3 Rc8 15. Bb2 Re8 16. Rad1 Qe7 17. c4 b5 18. cxd5 Nxd5 19. Qf5 Bb8 20. Nf1 Nb4 21. a3 Be4 22. Qg4 f5 23. Qh5 Nd3 24. Re2 g6 25. Qg5 Qb7 26. Ne1 Nxb2 27. Rxb2 Qf7 28. Ng3 Bc6 29. Rbd2 Be5 30. Nf3 Bf6 31. Qf4 Qxb3 32. h4 Qf7 33. h5 c4 34. hxg6 hxg6 35. Ng5 Qe7 36. Rd6 Kg7 37. Nxf5+ gxf5 38. Qxf5 Rc7 39. Ne6+ Qxe6 40. Rxe6 Rxe6 41. Qxe6 c3 42. Qg4+ Kf7 43. Qf5 Ke7 44. Qh7+ 1-0

[Event "Brasilia Inconfidencia Cup"]
[Site "Brasilia"]
[Date "2015.04.20"]
[Round "6"]
[White "Pompeo, Flavio Sposto"]
[Black "Maciel, Diogo Alves"]
[Result "1-0"]
[WhiteElo "2119"]
[BlackElo "1747"]
[PlyCount "33"]
[EventDate "2015.04.17"]
[EventType "swiss"]
[EventRounds "6"]
[EventCountry "BRA"]
[SourceTitle "CBM 166 Extra"]
[Source "ChessBase"]
[SourceDate "2015.06.18"]
[SourceVersion "1"]
[SourceVersionDate "2015.06.18"]
[SourceQuality "1"]

1. c4 e6 2. g3 f5 3. Bg2 Nf6 4. d3 Be7 5. Nc3 0-0 6. Nh3 c6 7. e4 fxe4 8. dxe4 d6 9. f4 Nbd7 10. Be3 Qc7 11. Rc1 Re8 12. 0-0 a5 13. g4 Nb6 14. Qe2 d5 15. e5 Nfd7 16. cxd5 exd5 17. Nxd5 1-0

[Event "Brasilia Terra Viva op"]
[Site "Brasilia"]
[Date "2014.09.19"]
[Round "1"]
[White "Pompeo, Flavio Sposto"]
[Black "Felix, Luiza de Oliveira"]
[Result "1-0"]
[WhiteElo "2133"]
[BlackElo "1491"]
[PlyCount "37"]
[EventDate "2014.09.19"]
[EventType "swiss"]
[EventRounds "6"]
[EventCountry "BRA"]
[SourceTitle "CBM 162 Extra"]
[Source "ChessBase"]
[SourceDate "2014.10.17"]
[SourceVersion "1"]
[SourceVersionDate "2014.10.17"]
[SourceQuality "1"]

1. c4 c5 2. g3 Nf6 3. Bg2 d5 4. cxd5 Nxd5 5. Nc3 Nc7 6. Nf3 Nc6 7. d3 e5 8. a3 b6 9. Ng5 Bd7 10. Qb3 Ne6 11. Nxe6 fxe6 12. Bxc6 Bxc6 13. Qxe6+ Be7 14. Qxc6+ Kf7 15. 0-0 Rf8 16. Qe4 Kg8 17. Qxe5 Bd6 18. Qe6+ Kh8 19. Ne4 1-0

[Event "Brasilia Terra Viva op"]
[Site "Brasilia"]
[Date "2014.09.19"]
[Round "2"]
[White "Rodrigues, Joao Batista"]
[Black "Pompeo, Flavio Sposto"]
[Result "0-1"]
[WhiteElo "1800"]
[BlackElo "2133"]
[PlyCount "120"]
[EventDate "2014.09.19"]
[EventType "swiss"]
[EventRounds "6"]
[EventCountry "BRA"]
[SourceTitle "CBM 162 Extra"]
[Source "ChessBase"]
[SourceDate "2014.10.17"]
[SourceVersion "1"]
[SourceVersionDate "2014.10.17"]
[SourceQuality "1"]

1. e4 e5 2. Nf3 Nc6 3. Bb5 Nf6 4. 0-0 Nxe4 5. d4 Nd6 6. Bxc6 dxc6 7. dxe5 Nf5 8. Qxd8+ Kxd8 9. Nc3 h6 10. b3 Be7 11. Bb2 Be6 12. Rad1+ Kc8 13. Ne2 Rd8 14. Nf4 Bd7 15. g4 Nh4 16. Nxh4 Bxh4 17. Ng2 Be7 18. h3 b6 19. Nf4 Kb7 20. e6 fxe6 21. Bxg7 Bd6 22. Nh5 Be8 23. Bf6 Rdc8 24. Ng3 Bg6 25. Rde1 Re8 26. Ne4 Bf4 27. Bh4 h5 28. g5 Bf5 29. Kg2 Rab8 30. Kf3 Be5 31. Kg2 Rbd8 32. Nc5+ bxc5 33. Rxe5 Rd2 34. Rxc5 Re2 35. Kg3 Rd8 36. Kf3 Rdd2 37. Kg3 Bxc2 38. Rc3 Bf5 39. a4 Rb2 40. Kf3 Be4+ 41. Kf4 e5+ 42. Kg3 Bd5 43. g6 Rbd2 44. g7 Re4 45. Bf6 h4+ 46. Kh2 Rf4 47. Bxh4 Rxh4 48. Rf3 Rf4 49. Rxf4 exf4 50. h4 Bxb3 51. h5 Rd5 52. Rb1 Rxh5+ 53. Kg2 Rg5+ 54. Kf3 Rxg7 55. Rxb3+ Kc8 56. Kxf4 Kd7 57. Rd3+ Ke6 58. Ke4 Rg1 59. Rc3 Re1+ 60. Kf3 c5 0-1

[Event "Brasilia Nascimento op"]
[Site "Brasilia"]
[Date "2013.04.21"]
[Round "5"]
[White "Pompeo, Flavio Sposto"]
[Black "Campos, Westerley Batista"]
[Result "1-0"]
[WhiteElo "2151"]
[BlackElo "1700"]
[PlyCount "39"]
[EventDate "2013.04.19"]
[EventType "swiss"]
[EventRounds "5"]
[EventCountry "BRA"]
[SourceTitle "EXT 2015"]
[Source "ChessBase"]
[SourceDate "2014.11.20"]
[SourceVersion "1"]
[SourceVersionDate "2014.11.20"]
[SourceQuality "1"]

1. c4 Nf6 2. g3 d6 3. Bg2 e5 4. e4 c6 5. Ne2 Be6 6. d3 Na6 7. Nbc3 Be7 8. 0-0 Qd7 9. f4 Bh3 10. d4 Bxg2 11. Kxg2 exd4 12. Nxd4 0-0-0 13. Be3 Kb8 14. b4 Nxb4 15. Qa4 c5 16. Ndb5 a6 17. a3 Qc6 18. axb4 Nxe4 19. Nd5 axb5 20. Qa8# 1-0

[Event "Brasilia Taca BCX 7th"]
[Site "Brasilia"]
[Date "2003.10.30"]
[Round "13"]
[White "Valle, Adriano"]
[Black "Pompeo, Flavio Sposto"]
[Result "1/2-1/2"]
[WhiteElo "2253"]
[BlackElo "1992"]
[PlyCount "25"]
[EventDate "2003.10.19"]
[EventType "tourn"]
[EventRounds "13"]
[EventCountry "BRA"]
[SourceTitle "EXT 2004"]
[Source "ChessBase"]
[SourceDate "2003.11.25"]
[SourceVersion "1"]
[SourceVersionDate "2003.11.25"]
[SourceQuality "1"]

1. d4 c6 2. e4 d5 3. f3 dxe4 4. fxe4 e5 5. Nf3 exd4 6. Bc4 Nf6 7. Ng5 Be6 8. Bxe6 fxe6 9. e5 Qa5+ 10. Kf2 Qxe5 11. Re1 Qf5+ 12. Kg1 e5 13. Qxd4 1/2-1/2